Hudebně-literární slovník : hudební díla inspirovaná slovesným uměním. I. díl slovníkové trilogie, Světoví skladatelé /
1. díl interdisciplinárně zaměřeného slovníku s hudebněvědným a literárněvědným úvodem o vztahu hudby a slova soustřeďuje informace o dílech světových skladatelů v souvislosti se světovou literaturou i s lidovou slovesností. Kniha a CD-ROM.
Uloženo v:
| Hlavní autor: | |
|---|---|
| Médium: | E-kniha |
| Jazyk: | Czech |
| Vydáno: |
Brno :
Masarykova univerzita,
2011
|
| Vydání: | 1. vyd. |
| Témata: | |
| Tagy: |
Žádné tagy |
| LEADER | 03353nam a2200625 a 4500 | ||
|---|---|---|---|
| 001 | 311174 | ||
| 003 | CZ PrSKC | ||
| 005 | 20260601215701.0 | ||
| 007 | ta | ||
| 008 | 110531s2011 xr f e 000 0dcze | ||
| 015 | |a cnb002193009 | ||
| 020 | |a 9788021056411 |q (soubor) | ||
| 020 | |a 978-80-210-5311-3 |q (1. díl ; |q brož.) | ||
| 035 | |a (OCoLC)741404065 | ||
| 040 | |a BOA001 |b cze | ||
| 072 | 7 | |a 78 |x Hudba |2 Konspekt | |
| 080 | |a 78:82 |2 MRF | ||
| 080 | |a 78.08 |2 MRF | ||
| 080 | |a 82:081 |2 MRF | ||
| 080 | |a 7.07 |2 MRF | ||
| 080 | |a 78.071.1 |2 MRF | ||
| 080 | |a 82-051 |2 MRF | ||
| 080 | |a (048.8) |2 MRF | ||
| 080 | |a (031) |2 MRF | ||
| 100 | 1 | |a Spousta, Vladimír, |d 1930- |7 jn19990209789 |4 aut | |
| 245 | 1 | 0 | |a Hudebně-literární slovník : |b hudební díla inspirovaná slovesným uměním. |n I. díl slovníkové trilogie, |p Světoví skladatelé / |c Vladimír Spousta |
| 246 | 3 | 0 | |a Světoví skladatelé |
| 250 | |a 1. vyd. | ||
| 260 | |a Brno : |b Masarykova univerzita, |c 2011 | ||
| 300 | |a 166 s. ; |c 24 cm + |e 1 CD-ROM | ||
| 500 | |a Terminologický slovník | ||
| 504 | |a Obsahuje bibliografii a bibliografické odkazy | ||
| 520 | 2 | |a 1. díl interdisciplinárně zaměřeného slovníku s hudebněvědným a literárněvědným úvodem o vztahu hudby a slova soustřeďuje informace o dílech světových skladatelů v souvislosti se světovou literaturou i s lidovou slovesností. Kniha a CD-ROM. | |
| 520 | 2 | |a Autor se zaobírá nejen skladbami, které vznikly z podnětu určitého literárního díla, ale obrací svou pozornost také k tvorbě inspirované lidovou poezií či prózou, všímá si děl napsaných na počest literárních nebo hudebních osobností a reflektuje rovněž i oblast beletrie zpracovávající osudy skladatelů světové hudby. Textová část kromě teoretického úvodu a popisu struktury hesel přináší seznamy autorů hudby a původců literárních děl, slovníček použitých hudebních a literárních termínů a seznam použité literarury. Nedílnou součástí publikace je ovšem i CD-ROM s vlastním obsahem hesel o hudebních dílech zkomponovaných na náměty převzaté ze světové literatury i lidového písemnictví v rozsahu 646 stran textu. | |
| 650 | 0 | 7 | |a hudba a literatura |7 ph114720 |2 czenas |
| 650 | 0 | 7 | |a hudební díla |7 ph683444 |2 czenas |
| 650 | 0 | 7 | |a literární díla |7 ph166330 |2 czenas |
| 650 | 0 | 7 | |a umělecká inspirace |7 ph180931 |2 czenas |
| 650 | 0 | 7 | |a hudební skladatelé |7 ph120923 |2 czenas |
| 650 | 0 | 7 | |a spisovatelé |7 ph125911 |2 czenas |
| 650 | 0 | 9 | |a music and literature |2 eczenas |
| 650 | 0 | 9 | |a musical works |2 eczenas |
| 650 | 0 | 9 | |a literary pieces |2 eczenas |
| 650 | 0 | 9 | |a inspiration in art |2 eczenas |
| 650 | 0 | 9 | |a composers |2 eczenas |
| 650 | 0 | 9 | |a authors |2 eczenas |
| 655 | 7 | |a monografie |7 fd132842 |2 czenas | |
| 655 | 7 | |a slovníky |7 fd133454 |2 czenas | |
| 655 | 9 | |a monographs |2 eczenas | |
| 655 | 9 | |a dictionaries |2 eczenas | |
| 900 | |a ABA001 |b 17 | ||
| 044 | |a xr | ||
| 910 | |a RBIT002 | ||
| 998 | |d 205844 |a https://core.palmknihy.cz/api/books/205844/cover?q98dn9 |b https://core.palmknihy.cz/api/books/205844/cover/400?q98dn9 |c https://core.palmknihy.cz/api/books/205844/cover/50?q98dn9 |e 2081-02-23 |g 166 |i 9788021053113 |k https://core.palmknihy.cz/api/books/205844/preview.pdf |l |q 49 |r 1 |s https://www.palmknihy.cz/kniha/205844 |t ebook |y 2014 |z 0 | ||
| 999 | |d 311172 | ||